000 00441nam a22001697a 4500
003 CEME
005 20210628205103.0
008 210224b xxu||||| |||| 00| 0 eng d
020 _a0-7923-9797-5
040 _c.
082 _a621.391 YEN'H
100 _aWalf, Waymo Yen, Ti-Yen
_973810
245 _aHardware software co-synthesis of distributed embeded systems
260 _aBOSTON
_bKLUWER
_c1996
300 _a153P
942 _cBK
_2ddc
999 _c579453
_d579453